| 000 | 00588nam a2200181 a 4500 | ||
|---|---|---|---|
| 001 | 420 | ||
| 003 | CDMR | ||
| 005 | 20131018111418.0 | ||
| 008 | 130130s2012||||sp |||||||||||||||||spa|d | ||
| 040 |
_aCDMR _bcat _cCDMR |
||
| 110 | 2 |
_9298 _aAsociación de Revistas Culturales de España |
|
| 245 | 1 | 0 |
_aRevistas culturales de España 2012-2013 _cAsociación de revistas culturales de España |
| 260 |
_a[Madrid] _cDL 2012 _bAsociación de Revistas Culturales de España |
||
| 300 | _a95 p | ||
| 500 | _aAbstract en anglès | ||
| 650 | 0 | 4 |
_94132 _aRevistes _xBibliografia _xCatàlegs |
| 942 |
_cMON _2udc |
||
| 999 |
_c420 _d420 |
||